000 00370nam a2200169Ia 4500
003 0STCL
008 150530s9999 xx 000 0 und d
040 _aSTCL
_cSTCL
100 _aTaylor, W.T.; Weber, R.J.
245 _aGeneral biology
250 _aSecond
260 _c1968
546 _aEnglish
942 _2ddc
_cBK
999 _c36338
_d36338
005 20220125170401.0